Inclusion, equality and the built environment (Record no. 114288)

MARC details
000 -LEADER
fixed length control field 01263cad a22002775a 4500
001 - CONTROL NUMBER
control field L156548
008 - FIXED-LENGTH DATA ELEMENTS--GENERAL INFORMATION
fixed length control field 060612s2012 xxk f 000 0 eng d
020 ## - INTERNATIONAL STANDARD BOOK NUMBER
International Standard Book Number 9781842197899
035 ## - SYSTEM CONTROL NUMBER
System control number (Sirsi) u156548
041 0# - LANGUAGE CODE
Language code of text/sound track or separate title eng
050 04 - LIBRARY OF CONGRESS CALL NUMBER
Classification number 725.54 $2 18
110 2# - MAIN ENTRY--CORPORATE NAME
Corporate name or jurisdiction name as entry element Royal Institution of Chartered Surveyors
9 (RLIN) 4900
245 00 - TITLE STATEMENT
Title Inclusion, equality and the built environment
Remainder of title a glossary of terms
Medium [electronic resource]
260 ## - PUBLICATION, DISTRIBUTION, ETC.
Place of publication, distribution, etc. Coventry
Name of publisher, distributor, etc. RICS
Date of publication, distribution, etc. 2012
300 ## - PHYSICAL DESCRIPTION
Extent iv. 40p.
490 #0 - SERIES STATEMENT
Series statement RICS Information Paper
505 2# - FORMATTED CONTENTS NOTE
Formatted contents note RICS information paper -- Purpose of this document -- Introduction -- Glossary of terms -- Derogatory terms -- Useful contacts -- References.
520 ## - SUMMARY, ETC.
Summary, etc. This glossary of terms provides readers with information relating to the language used in connection with disability, inclusion and equality within the built environment sector.
520 ## - SUMMARY, ETC.
Summary, etc. ARCHIVED 23 DECEMBER 2016
521 ## - TARGET AUDIENCE NOTE
Target audience note Advanced
651 #4 - SUBJECT ADDED ENTRY--GEOGRAPHIC NAME
Geographic name United Kingdom
Chronological subdivision
690 ## - LOCAL SUBJECT ADDED ENTRY--TOPICAL TERM (OCLC, RLIN)
Topical term or geographic name as entry element Building regulations
9 (RLIN) 6224
690 ## - LOCAL SUBJECT ADDED ENTRY--TOPICAL TERM (OCLC, RLIN)
Topical term or geographic name as entry element Construction management
9 (RLIN) 6230
856 40 - ELECTRONIC LOCATION AND ACCESS
Uniform Resource Identifier <a href="https://www.rics.org/Global/Inclusion_equality_and_the_built_environment_glossary_1st_edition_PGguidance_2012.pdf">https://www.rics.org/Global/Inclusion_equality_and_the_built_environment_glossary_1st_edition_PGguidance_2012.pdf</a>
Public note View the guidance free of charge at www.rics.org/guidance...
942 ## - ADDED ENTRY ELEMENTS (KOHA)
Suppress in OPAC 0
Holdings
Withdrawn status Lost status Source of classification or shelving scheme Damaged status Not for loan Home library Current library Shelving location Date acquired Total Checkouts Full call number Barcode Date last seen Copy number Price effective from Koha item type
    Dewey Decimal Classification     Virtual Virtual Online 06/06/2012   ONLINE PUBLICATION 156548-2001 06/08/2019 1 06/08/2019 Book